<?xml version="1.0" encoding="UTF-8"?>
<record
    xmlns:xsi="http://www.w3.org/2001/XMLSchema-instance"
    xsi:schemaLocation="http://www.loc.gov/MARC21/slim http://www.loc.gov/standards/marcxml/schema/MARC21slim.xsd"
    xmlns="http://www.loc.gov/MARC21/slim">

  <leader>01468nam a2200361 i 4500</leader>
  <controlfield tag="001">197655</controlfield>
  <controlfield tag="003">ES-MaACL</controlfield>
  <controlfield tag="005">20250805062655.0</controlfield>
  <controlfield tag="007">ta</controlfield>
  <controlfield tag="008">991222s1999    sp      w    00000  spa</controlfield>
  <datafield tag="017" ind1=" " ind2=" ">
    <subfield code="a">GI 399-1999</subfield>
    <subfield code="b">Oficina Dep&#xF3;sito Legal Girona</subfield>
  </datafield>
  <datafield tag="020" ind1=" " ind2=" ">
    <subfield code="a">8489711313</subfield>
  </datafield>
  <datafield tag="035" ind1=" " ind2=" ">
    <subfield code="a">Rebiun16404305</subfield>
  </datafield>
  <datafield tag="040" ind1=" " ind2=" ">
    <subfield code="a">UAM.FL</subfield>
    <subfield code="b">spa</subfield>
    <subfield code="c">ES-MaACL</subfield>
  </datafield>
  <datafield tag="100" ind1="1" ind2=" ">
    <subfield code="a">Rusi&#xF1;ol, Santiago, </subfield>
    <subfield code="d">1861-1931</subfield>
    <subfield code="9">241043</subfield>
    <subfield code="e">ill</subfield>
  </datafield>
  <datafield tag="245" ind1="1" ind2="0">
    <subfield code="a">Los jardines del alma : </subfield>
    <subfield code="b">exposici&#xF3;n del 16 de julio al 22 de agosto de 1999 / </subfield>
    <subfield code="c">Santiago Rusi&#xF1;ol</subfield>
  </datafield>
  <datafield tag="260" ind1=" " ind2=" ">
    <subfield code="a">[S.l.] : </subfield>
    <subfield code="b">Caja Segovia, </subfield>
    <subfield code="c">1999</subfield>
  </datafield>
  <datafield tag="300" ind1=" " ind2=" ">
    <subfield code="a">198 p&#xE1;ginas : </subfield>
    <subfield code="b">ilustraciones a color y blanco y negro ; </subfield>
    <subfield code="c">30 cm</subfield>
  </datafield>
  <datafield tag="336" ind1=" " ind2=" ">
    <subfield code="2">rdacontent</subfield>
    <subfield code="a">texto</subfield>
  </datafield>
  <datafield tag="337" ind1=" " ind2=" ">
    <subfield code="2">rdamedia</subfield>
    <subfield code="a">sin mediaci&#xF3;n</subfield>
  </datafield>
  <datafield tag="338" ind1=" " ind2=" ">
    <subfield code="2">rdacarrier</subfield>
    <subfield code="a">volumen</subfield>
  </datafield>
  <datafield tag="504" ind1=" " ind2=" ">
    <subfield code="a">Bibliograf&#xED;a: p&#xE1;ginas 195-198</subfield>
  </datafield>
  <datafield tag="600" ind1=" " ind2="0">
    <subfield code="a">Rusi&#xF1;ol, Santiago, </subfield>
    <subfield code="d">1861-1931- </subfield>
    <subfield code="x">Exposiciones</subfield>
    <subfield code="9">241044</subfield>
  </datafield>
  <datafield tag="650" ind1=" " ind2="0">
    <subfield code="a">Pintores catalanes-</subfield>
    <subfield code="y">s.XIX-XX</subfield>
    <subfield code="9">241045</subfield>
  </datafield>
  <datafield tag="650" ind1=" " ind2="0">
    <subfield code="a">Pintores barceloneses-</subfield>
    <subfield code="y">s.XIX-XX</subfield>
    <subfield code="9">241046</subfield>
  </datafield>
  <datafield tag="710" ind1="2" ind2="1">
    <subfield code="a">Caja de Ahorros y Monte de Piedad de Segovia</subfield>
    <subfield code="9">2324</subfield>
  </datafield>
  <datafield tag="852" ind1=" " ind2=" ">
    <subfield code="a">ES-MaACL</subfield>
    <subfield code="c">DEPO1</subfield>
    <subfield code="j">A-15732</subfield>
    <subfield code="h">Donaci&#xF3;n: Fernando Codina Rodr&#xED;guez</subfield>
    <subfield code="x">Encuadernaci&#xF3;n r&#xFA;stica con solapas</subfield>
    <subfield code="9">206090</subfield>
  </datafield>
  <datafield tag="903" ind1=" " ind2=" ">
    <subfield code="a">Codina Rodr&#xED;guez, Fernando</subfield>
    <subfield code="e">dnr</subfield>
    <subfield code="9">238631</subfield>
  </datafield>
  <datafield tag="942" ind1=" " ind2=" ">
    <subfield code="n">0</subfield>
    <subfield code="c">MONOGRAFIA</subfield>
  </datafield>
  <datafield tag="999" ind1=" " ind2=" ">
    <subfield code="c">197655</subfield>
    <subfield code="d">197655</subfield>
  </datafield>
  <datafield tag="952" ind1=" " ind2=" ">
    <subfield code="0">0</subfield>
    <subfield code="1">0</subfield>
    <subfield code="2">udc</subfield>
    <subfield code="4">0</subfield>
    <subfield code="7">0</subfield>
    <subfield code="a">ATENEOM</subfield>
    <subfield code="b">ATENEOM</subfield>
    <subfield code="c">DEPO1</subfield>
    <subfield code="d">2025-06-25</subfield>
    <subfield code="e">DONACION</subfield>
    <subfield code="l">0</subfield>
    <subfield code="o">A-15732</subfield>
    <subfield code="r">2025-06-25 00:00:00</subfield>
    <subfield code="w">2025-06-25</subfield>
    <subfield code="y">MONOGRAFIA</subfield>
  </datafield>
</record>
